Desk calculators (Record no. 87275)
[ view plain ]
| 000 -LEADER | |
|---|---|
| fixed length control field | 00463cam a2200193 4500 |
| 001 - CONTROL NUMBER | |
| control field | D8797 |
| 008 - FIXED-LENGTH DATA ELEMENTS--GENERAL INFORMATION | |
| fixed length control field | 090401t1973 xxu||||| |||| 00| 0 eng d |
| 035 ## - SYSTEM CONTROL NUMBER | |
| System control number | (Sirsi) u15365 |
| 041 ## - LANGUAGE CODE | |
| Language code of text/sound track or separate title | eng |
| 050 ## - LIBRARY OF CONGRESS CALL NUMBER | |
| Classification number | 526.90285 |
| 100 ## - MAIN ENTRY--PERSONAL NAME | |
| Personal name | Smith, James Raymond |
| 245 ## - TITLE STATEMENT | |
| Title | Desk calculators |
| 260 ## - PUBLICATION, DISTRIBUTION, ETC. | |
| Place of publication, distribution, etc. | London |
| Name of publisher, distributor, etc. | Crosby Lockwood Staples |
| Date of publication, distribution, etc. | 1973 |
| 300 ## - PHYSICAL DESCRIPTION | |
| Extent | 143p |
| 350 ## - PRICE (NR) (BK AM CF MU VM SE) [OBSOLETE] | |
| Price | 1.95 |
| 490 ## - SERIES STATEMENT | |
| Series statement | Aspects of Modern Land Surveying |
| 942 ## - ADDED ENTRY ELEMENTS (KOHA) | |
| Suppress in OPAC | 0 |
| 948 ## - LOCAL PROCESSING INFORMATION (OCLC); SERIES PART DESIGNATOR (RLIN) | |
| c (OCLC) | 04/03/1997 |
| Withdrawn status | Lost status | Source of classification or shelving scheme | Damaged status | Not for loan | Home library | Current library | Shelving location | Date acquired | Cost, normal purchase price | Total Checkouts | Full call number | Barcode | Date last seen | Copy number | Cost, replacement price | Price effective from | Koha item type |
|---|---|---|---|---|---|---|---|---|---|---|---|---|---|---|---|---|---|
| Dewey Decimal Classification | London | London | Books | 14/09/1999 | 1.95 | 526.90285 | 021063 | 06/08/2019 | 1 | 1.95 | 06/08/2019 | Book | |||||
| Dewey Decimal Classification | London | London | Books | 12/08/1991 | 1.95 | 526.90285 | 30017030 | 06/08/2019 | 3 | 1.95 | 06/08/2019 | Book |